| 000 | 00953aam a2200313 4500 | ||
|---|---|---|---|
| 005 | 20161121153341.0 | ||
| 008 | 150413b xxu||||| |||| 00| 0 spa d | ||
| 041 | _aspa | ||
| 082 | _a658 B456ad | ||
| 100 |
_aBenavides Pañeda, Javier _912702 |
||
| 100 |
_aChiavenato, Idalberto _93032 |
||
| 100 |
_aHernández Rodríguez, Sergio _912703 |
||
| 245 | _aAdministración | ||
| 260 |
_aMéxico _bMcGraw-Hill _c2009 |
||
| 300 | _a314 páginas | ||
| 650 |
_aADMINISTRACIÓN DE EMPRESAS _9521 |
||
| 650 |
_aTEORIAS DE ADMINISTRACIÓN _912704 |
||
| 650 |
_aPIONEROS DE LA ADMINISTRACIÓN _912705 |
||
| 650 |
_aPROCESO ADMINISTRATIVO _933168 |
||
| 650 |
_aRECURSOS HUMANOS _933169 |
||
| 650 |
_aRECLUTAMIENTO DEL PERSONAL _94320 |
||
| 650 |
_aSELECCIÓN DEL PERSONAL _912708 |
||
| 650 |
_aDIRECCIÓN _92737 |
||
| 650 |
_aMOTIVACIÓN _933170 |
||
| 650 |
_aLIDERAZGO _922 |
||
| 650 |
_aCOMUNICACIÓN _9490 |
||
| 650 |
_aCONTROL _933171 |
||
| 942 | _cBK | ||
| 999 |
_c4540 _d4540 |
||